000
00251nam a22001217a 4500
020
_a
0-7214-4208-0
082
_a
823
_b
DIS/A
100
_a
DISNEY, WALT
245
_a
ALADDIN
260
_a
UK
_b
LADYBIRD
650
_a
ENGLISH SHORT STORY
_z
UK
942
_c
BK
999
_c
3701
_d
3701